Collective nouns : 4

Bibliographic Details
Main Author: Jones, Faye
Format: Book
Published: Kuala Lumpur : Scholar's Publications , 2005
Series:Fun to read and easy to understand grammar series
Subjects:

MARC

LEADER 00000cam a2200000 7i4500
001 0000007939
005 20070907.0
008 070907
020 |a 9833354092 
020 |a 9833354718(series) 
090 0 0 |a JP   |b EDU ENG (7812) 
100 1 |a Jones, Faye 
245 1 0 |a Collective nouns :   |b 4   |c Faye Jones 
260 |a Kuala Lumpur :   |b Scholar's Publications ,   |c 2005 
440 |a Fun to read and easy to understand grammar series 
650 0 |a Education   |x Study and teaching 
650 0 |a English language   |x Grammar 
999 |a 0000980591   |b Book   |c Children Collection   |e Perbadanan Perpustakaan Awam Johor 
999 |a 0000980592   |b Book   |c Children Collection   |e Perbadanan Perpustakaan Awam Johor 
999 |a 0000980593   |b Book   |c Children Collection   |e Cawangan Taman Universiti 
999 |a 0000980595   |b Book   |c Children Collection   |e Cawangan Pontian